| 000 | 00555cam a22002291 4500 | ||
|---|---|---|---|
| 001 | sa 67005943 | ||
| 003 | DLC | ||
| 005 | 20260227112402.0 | ||
| 008 | 770330s1966 pk 000 0aeng | ||
| 010 | _asa 67005943 | ||
| 020 | _cRs 3.00 | ||
| 025 | _aPL480:P-E-1171 | ||
| 035 | _a(OCoLC)2848520 | ||
| 040 |
_aDLC _cNcWsW _dDLC |
||
| 050 | 0 | 0 |
_aD8 _b.H3 |
| 082 | 0 | 0 | _a909 |
| 100 | 1 | _aHaye, Kh. A. | |
| 245 | 1 | 0 |
_aGreat lives, _cby Kh. A. Haye. |
| 260 |
_aKarachi, _bPatwa Printers _c[1966] |
||
| 300 |
_avi, 100 p. _c22 cm. |
||
| 650 | 0 | _aBiography. | |
| 999 |
_c75563 _d75563 |
||